[Event "Plovdiv BUL, 34th Tringov Mem"]
[Site "Plovdiv BUL"]
[Date "2012.01.29"]
[Round "1.1"]
[White "Cheparinov, Ivan"]
[Black "Velikov, Vladimir"]
[Result "1-0"]
[WhiteElo "2659"]
[BlackElo "1848"]
[PlyCount "31"]
[EventDate "2012.01.29"]
[EventType "swiss"]
[EventRounds "9"]
[EventCountry "BUL"]

1. d4 Nf6 2. c4 e5 3. dxe5 Ng4 4. e4 Nxe5 5. f4 Ng6 6. Nf3 Bc5 7. Nc3 O-O 8. f5
Nh4 9. Ng5 Re8 10. Qh5 h6 11. Qxf7+ Kh8 12. Qh5 Kg8 13. f6 Bf2+ 14. Kxf2 Qxf6+
15. Nf3 Ng6 16. Nd5 1-0

[Event "Plovdiv BUL, 34th Tringov Mem"]
[Site "Plovdiv BUL"]
[Date "2012.01.29"]
[Round "1.2"]
[White "Vasilev, Dimitar P"]
[Black "Georgiev, Kiril"]
[Result "0-1"]
[WhiteElo "1839"]
[BlackElo "2658"]
[PlyCount "80"]
[EventDate "2012.01.29"]
[EventType "swiss"]
[EventRounds "9"]
[EventCountry "BUL"]

1. d4 Nf6 2. Nf3 c5 3. c3 e6 4. e3 b6 5. Be2 Bb7 6. O-O Be7 7. Nbd2 O-O 8. b3
Nc6 9. Bb2 Rc8 10. Rc1 d5 11. Bd3 Qc7 12. Qe2 e5 13. dxe5 Nxe5 14. Nxe5 Qxe5
15. Nf3 Qe6 16. Ba6 Bxa6 17. Qxa6 Rfd8 18. Rfd1 h6 19. Qe2 Rc7 20. Rd2 Ne4 21.
Rdc2 c4 22. Nd4 Qg6 23. b4 Bf6 24. Rd1 a6 25. f3 Ng5 26. Kh1 Re8 27. Qf2 Rce7
28. Bc1 Be5 29. Re2 Qh5 30. h3 Qg6 31. a4 Bxd4 32. Rxd4 Ne6 33. Rg4 Qb1 34. Qe1
h5 35. Rh4 g5 36. Rxh5 Qg6 37. g4 Nf4 38. e4 Nxh5 39. gxh5 Qxh5 40. Qg3 f6 0-1

[Event "Plovdiv BUL, 34th Tringov Mem"]
[Site "Plovdiv BUL"]
[Date "2012.01.29"]
[Round "1.3"]
[White "Spasov, Vasil"]
[Black "Serefidou, Despina"]
[Result "1-0"]
[WhiteElo "2570"]
[BlackElo "1837"]
[PlyCount "89"]
[EventDate "2012.01.29"]
[EventType "swiss"]
[EventRounds "9"]
[EventCountry "BUL"]

1. e4 e5 2. Bc4 Nf6 3. d3 Bc5 4. Nf3 Nc6 5. O-O O-O 6. Nbd2 d6 7. c3 a6 8. Bb3
Ba7 9. Nc4 h6 10. Be3 Re8 11. Bxa7 Rxa7 12. Re1 b5 13. Ne3 Na5 14. Bc2 c5 15.
h3 c4 16. Nh2 d5 17. exd5 Nxd5 18. Nxd5 Qxd5 19. d4 Bd7 20. Be4 Qd6 21. dxe5
Qc5 22. Nf3 Bc6 23. Qc2 Rae7 24. Rad1 g6 25. Qd2 Bxe4 26. Rxe4 Nc6 27. Qxh6
Nxe5 28. Rdd4 Nxf3+ 29. gxf3 Rxe4 30. fxe4 Qe7 31. h4 Rd8 32. Qg5 Qxg5+ 33.
hxg5 Re8 34. f4 Kf8 35. Kg2 Re6 36. Kf3 Ke7 37. f5 gxf5 38. exf5 Re5 39. Re4
Kd6 40. Rxe5 Kxe5 41. Kg4 a5 42. a3 a4 43. g6 fxg6 44. fxg6 Kf6 45. Kh5 1-0

[Event "Plovdiv BUL, 34th Tringov Mem"]
[Site "Plovdiv BUL"]
[Date "2012.01.29"]
[Round "1.4"]
[White "Kamenov, Valentin"]
[Black "Radulski, Julian"]
[Result "1/2-1/2"]
[WhiteElo "1834"]
[BlackElo "2570"]
[PlyCount "151"]
[EventDate "2012.01.29"]
[EventType "swiss"]
[EventRounds "9"]
[EventCountry "BUL"]

1. e4 e5 2. Nf3 Nc6 3. d4 exd4 4. Nxd4 Qf6 5. Be3 Bc5 6. c3 d6 7. Be2 Nge7 8.
O-O O-O 9. a4 Qg6 10. Nd2 Bh3 11. Bf3 Ne5 12. Kh1 Nxf3 13. Qxf3 Bg4 14. Qg3 a6
15. f3 Bd7 16. Qxg6 Nxg6 17. Nc2 Ne5 18. b4 Bxe3 19. Nxe3 f5 20. exf5 Bxf5 21.
Nxf5 Rxf5 22. Rfe1 a5 23. b5 Nd3 24. Re3 Nc5 25. Kg1 Kf8 26. Kf2 Re8 27. Nc4 b6
28. g3 Re4 29. Nb2 Rxe3 30. Kxe3 Re5+ 31. Kf2 Ke7 32. Re1 Rxe1 33. Kxe1 d5 34.
Kd2 c6 35. bxc6 Kd6 36. f4 Kxc6 37. Ke3 Kd6 38. c4 dxc4 39. Nxc4+ Kc6 40. Nb2
Kd5 41. g4 b5 42. axb5 a4 43. Nxa4 Nxa4 44. f5 Ke5 45. h4 Nb6 46. Kf3 Nd5 47.
h5 h6 48. Kg3 Ke4 49. Kh4 Kf4 50. Kh3 Nb6 51. Kh4 Nc4 52. Kh3 Ke5 53. Kg3 Ke4
54. Kh3 Nb6 55. Kh4 Nd7 56. Kg3 Ke5 57. Kh4 Kf4 58. Kh3 Kf3 59. Kh4 Kf4 60. Kh3
Ke4 61. Kh4 Ke5 62. Kg3 Nb6 63. Kf3 Kf6 64. Kf4 Nd5+ 65. Kf3 Ke5 66. Kg3 Nc3
67. b6 Kd6 68. Kf3 Nd5 69. b7 Kc7 70. g5 hxg5 71. Kg4 Kxb7 72. Kxg5 Kc6 73. Kg6
Nf4+ 74. Kxg7 Nxh5+ 75. Kh6 Nf6 76. Kg6 1/2-1/2

[Event "Plovdiv BUL, 34th Tringov Mem"]
[Site "Plovdiv BUL"]
[Date "2012.01.29"]
[Round "1.5"]
[White "Nikolov, Momchil"]
[Black "Bozic, Milan J"]
[Result "1-0"]
[WhiteElo "2560"]
[BlackElo "1830"]
[PlyCount "53"]
[EventDate "2012.01.29"]
[EventType "swiss"]
[EventRounds "9"]
[EventCountry "BUL"]

1. d4 e6 2. c4 b6 3. a3 Bb7 4. Nc3 Nf6 5. Nf3 Be7 6. d5 exd5 7. cxd5 O-O 8. g3
Re8 9. Bg2 d6 10. Nd4 Bf8 11. O-O a5 12. Rb1 Nbd7 13. b4 axb4 14. axb4 Ne5 15.
Bb2 g6 16. Qb3 Bg7 17. h3 Ba6 18. b5 Bc8 19. f4 Ned7 20. Nc6 Nc5 21. Qc4 Qd7
22. e4 Nfxe4 23. Nxe4 Rxe4 24. Bxe4 Ra4 25. Nb4 Qxh3 26. Bg2 Qxg3 27. Bxg7 1-0

[Event "Plovdiv BUL, 34th Tringov Mem"]
[Site "Plovdiv BUL"]
[Date "2012.01.29"]
[Round "1.6"]
[White "Sotirov, Ilia"]
[Black "Petrov, Marijan"]
[Result "0-1"]
[WhiteElo "1830"]
[BlackElo "2521"]
[PlyCount "60"]
[EventDate "2012.01.29"]
[EventType "swiss"]
[EventRounds "9"]
[EventCountry "BUL"]

1. d4 g6 2. e4 Bg7 3. Nf3 d6 4. Nc3 a6 5. a4 Nc6 6. h3 Nf6 7. Bc4 O-O 8. O-O
Nxe4 9. Nxe4 d5 10. Bxd5 Qxd5 11. Nc3 Qc4 12. Qe2 Qxe2 13. Nxe2 Bf5 14. c3 Be4
15. Nd2 Bd3 16. Re1 e5 17. dxe5 Nxe5 18. Ng3 Rfe8 19. Nde4 f5 20. Nc5 Nf3+ 21.
gxf3 Rxe1+ 22. Kg2 Bc4 23. Nxb7 Rae8 24. Na5 Bd5 25. c4 Ba8 26. Nb3 Rb8 27. Ra3
Bf8 28. c5 Bd5 29. Bd2 Rd1 30. Ra1 Bxb3 0-1

[Event "Plovdiv BUL, 34th Tringov Mem"]
[Site "Plovdiv BUL"]
[Date "2012.01.29"]
[Round "1.7"]
[White "Petkov, Vladimir"]
[Black "Ivanov, Valentin"]
[Result "1-0"]
[WhiteElo "2519"]
[BlackElo "1825"]
[PlyCount "64"]
[EventDate "2012.01.29"]
[EventType "swiss"]
[EventRounds "9"]
[EventCountry "BUL"]

1. d4 c6 2. Nf3 d5 3. c4 dxc4 4. e3 Bg4 5. Bxc4 e6 6. h3 Bh5 7. Nc3 Nf6 8. g4
Bg6 9. Ne5 Be4 10. f3 Bd5 11. Be2 c5 12. g5 Nfd7 13. e4 Bc6 14. Nxf7 Kxf7 15.
d5 exd5 16. exd5 Nb6 17. dxc6 Qxd1+ 18. Bxd1 Nxc6 19. Be3 Re8 20. Ne4 c4 21.
Be2 Bb4+ 22. Kf2 Ne5 23. a3 Be7 24. Rhd1 Ke6 25. f4 Rhf8 26. Kg3 Nd5 27. Rxd5
Kxd5 28. Nc3+ Ke6 29. fxe5 Kxe5 30. Re1 Kf5 31. Bh5 Bd6+ 32. Kg2 Re5 1-0

[Event "Plovdiv BUL, 34th Tringov Mem"]
[Site "Plovdiv BUL"]
[Date "2012.01.29"]
[Round "1.10"]
[White "Krastev, Kalin"]
[Black "Janev, Evgeni"]
[Result "0-1"]
[WhiteElo "1819"]
[BlackElo "2503"]
[PlyCount "66"]
[EventDate "2012.01.29"]
[EventType "swiss"]
[EventRounds "9"]
[EventCountry "BUL"]

1. e4 Nf6 2. e5 Nd5 3. d4 d6 4. c4 Nb6 5. f4 dxe5 6. fxe5 Bf5 7. Nf3 e6 8. Bg5
Be7 9. Bxe7 Qxe7 10. Nc3 O-O 11. Bd3 Qb4 12. O-O Bxd3 13. Qxd3 Qxc4 14. Qe4 Nc6
15. Ne2 h6 16. Nf4 Nd5 17. Rfc1 Qb5 18. a4 Qb3 19. Nd3 f5 20. Qe2 Rfe8 21. Rc5
Qb6 22. a5 Qa6 23. Qd2 Nce7 24. b4 b6 25. b5 Qc8 26. Rc2 Qd7 27. Rb2 c6 28. h3
cxb5 29. Rab1 Rac8 30. axb6 axb6 31. g4 fxg4 32. hxg4 Rf8 33. Nh4 Nc3 0-1

[Event "Plovdiv BUL, 34th Tringov Mem"]
[Site "Plovdiv BUL"]
[Date "2012.01.29"]
[Round "1.11"]
[White "Drenchev, Petar"]
[Black "Georgiev, Todor"]
[Result "1-0"]
[WhiteElo "2493"]
[BlackElo "1818"]
[PlyCount "105"]
[EventDate "2012.01.29"]
[EventType "swiss"]
[EventRounds "9"]
[EventCountry "BUL"]

1. Nf3 Nf6 2. c4 g6 3. Nc3 Bg7 4. d4 O-O 5. e4 d6 6. h3 e5 7. d5 a5 8. Bg5 h6
9. Be3 Na6 10. g4 Ne8 11. Rg1 Nc5 12. h4 Kh7 13. h5 g5 14. Nd2 Nf6 15. f3 Qe7
16. b3 Bd7 17. a3 Na6 18. Qb1 c5 19. dxc6 bxc6 20. b4 Rfb8 21. b5 Nc5 22. Ra2
Rb7 23. Kf2 Kh8 24. a4 Be6 25. Bxc5 dxc5 26. Be2 Nd7 27. Nb3 Rc7 28. bxc6 Rxc6
29. Rd1 Nf8 30. Rad2 Bd7 31. Nb5 Be8 32. Qc1 Ne6 33. Qa3 Bf8 34. Na1 Nd4 35.
Nc2 Bd7 36. Ne3 Qd8 37. Nd5 Be6 38. Nbc3 Rb8 39. Rb2 Rb4 40. Qa2 Kg7 41. Kg2
Kh8 42. Nb5 Kg7 43. Nxd4 cxd4 44. Bd3 Kh8 45. Rdb1 Qb8 46. Nxb4 axb4 47. a5 Ra6
48. Qa4 Qa8 49. Ra1 Qc8 50. Qb5 Bxg4 51. Qxe5+ f6 52. Qg3 Be6 53. c5 1-0

[Event "Plovdiv BUL, 34th Tringov Mem"]
[Site "Plovdiv BUL"]
[Date "2012.01.29"]
[Round "1.12"]
[White "Stefanov, Emil"]
[Black "Grigorov, Grigor"]
[Result "1/2-1/2"]
[WhiteElo "1809"]
[BlackElo "2491"]
[PlyCount "59"]
[EventDate "2012.01.29"]
[EventType "swiss"]
[EventRounds "9"]
[EventCountry "BUL"]

1. d4 Nf6 2. c4 e6 3. Nf3 b6 4. a3 Bb7 5. Nc3 d5 6. cxd5 Nxd5 7. Qc2 Nxc3 8.
bxc3 c5 9. e4 Nd7 10. Bd3 cxd4 11. cxd4 Rc8 12. Qe2 Be7 13. O-O O-O 14. Bb2 Nf6
15. Rfe1 Qc7 16. Rac1 Qb8 17. Rxc8 Rxc8 18. d5 exd5 19. Be5 Qa8 20. Bxf6 Bxf6
21. e5 Re8 22. Qc2 Bd8 23. Bxh7+ Kf8 24. Bf5 Qb8 25. e6 Qd6 26. Ne5 fxe6 27.
Ng6+ Kf7 28. Ne5+ Kf8 29. Ng6+ Kf7 30. Ne5+ 1/2-1/2

[Event "Plovdiv BUL, 34th Tringov Mem"]
[Site "Plovdiv BUL"]
[Date "2012.01.29"]
[Round "1.13"]
[White "Miljkovic, Miroslav D"]
[Black "Kolev, Hristian"]
[Result "1-0"]
[WhiteElo "2491"]
[BlackElo "1801"]
[PlyCount "55"]
[EventDate "2012.01.29"]
[EventType "swiss"]
[EventRounds "9"]
[EventCountry "BUL"]

1. d4 Nf6 2. c4 g6 3. Nc3 Bg7 4. e4 d6 5. f4 O-O 6. Nf3 Na6 7. Be2 e5 8. fxe5
dxe5 9. Nxe5 c5 10. Be3 Qa5 11. O-O cxd4 12. Bxd4 Nxe4 13. Nxg6 Nxc3 14. Ne7+
Kh8 15. Bxg7+ Kxg7 16. Qd4+ f6 17. bxc3 Qc5 18. Nd5 Be6 19. Nf4 Bf7 20. Kh1
Rad8 21. Qe4 b6 22. Qb7 Nc7 23. Qxa7 Rd2 24. Qb7 Re8 25. Bh5 Re7 26. Bxf7 Nd5
27. Bxd5 Rxb7 28. Ne6+ 1-0

[Event "Plovdiv BUL, 34th Tringov Mem"]
[Site "Plovdiv BUL"]
[Date "2012.01.29"]
[Round "1.14"]
[White "Sahinidis, Evagelos"]
[Black "Tadic, Branko"]
[Result "0-1"]
[WhiteElo "1795"]
[BlackElo "2487"]
[PlyCount "102"]
[EventDate "2012.01.29"]
[EventType "swiss"]
[EventRounds "9"]
[EventCountry "BUL"]

1. d4 d5 2. Nf3 Nf6 3. Bf4 c5 4. e3 Nc6 5. c3 Qb6 6. Na3 c4 7. Qc1 Nh5 8. Bg5
h6 9. Bh4 g5 10. Bg3 Bf5 11. Be2 e6 12. Nc2 Rc8 13. O-O Nxg3 14. hxg3 Bg4 15.
Qd2 h5 16. Nxg5 Bxe2 17. Qxe2 Be7 18. Nh3 Qxb2 19. Qd2 Qb6 20. Rfe1 f5 21. Nf4
Kd7 22. Qe2 Rcg8 23. Qf3 Rg4 24. Nxd5 exd5 25. Qxd5+ Kc8 26. Qxf5+ Kb8 27. d5
Qc5 28. Nd4 Rg5 29. Qf4+ Ne5 30. Ne6 Qxd5 31. Nxg5 Bxg5 32. Qd4 Qxd4 33. exd4
Nd3 34. Re2 Rf8 35. f4 Bd8 36. Rb1 Ba5 37. Rc2 a6 38. Rf1 Re8 39. Kh2 Kc7 40.
Kh3 Kc6 41. a4 Kd5 42. Rb1 Re7 43. Kh4 Rh7 44. Kg5 Rg7+ 45. Kxh5 Ke4 46. Re2+
Kf5 47. Kh6 Rg6+ 48. Kh7 Bxc3 49. Rxb7 Bxd4 50. Rf7+ Bf6 51. Rc2 Rxg3 0-1

[Event "Plovdiv BUL, 34th Tringov Mem"]
[Site "Plovdiv BUL"]
[Date "2012.01.29"]
[Round "1.15"]
[White "Popchev, Milko"]
[Black "Cazacu, Gabriela"]
[Result "1-0"]
[WhiteElo "2463"]
[BlackElo "1794"]
[PlyCount "65"]
[EventDate "2012.01.29"]
[EventType "swiss"]
[EventRounds "9"]
[EventCountry "BUL"]

1. b3 d5 2. Bb2 Bf5 3. Nf3 e6 4. e3 Nf6 5. Be2 Be7 6. O-O O-O 7. Nh4 Bg6 8.
Nxg6 hxg6 9. c4 c5 10. cxd5 Nxd5 11. Nc3 Nc6 12. Rc1 Ndb4 13. d3 Bf6 14. Qd2
Qe7 15. a3 Na6 16. Na4 Bxb2 17. Qxb2 Rac8 18. Qc3 Ncb8 19. Qc4 Rfd8 20. Rfd1
Nd7 21. g3 Nab8 22. d4 b6 23. b4 a6 24. Qc2 b5 25. Nxc5 Nb6 26. Qb3 e5 27. d5
Rd6 28. e4 f5 29. Bd3 fxe4 30. Nxe4 Rxc1 31. Rxc1 Rxd5 32. Nc3 Qg5 33. Rd1 1-0

[Event "Plovdiv BUL, 34th Tringov Mem"]
[Site "Plovdiv BUL"]
[Date "2012.01.29"]
[Round "1.19"]
[White "Arsovic, Zoran"]
[Black "Drakaki, Anna-Maria"]
[Result "1/2-1/2"]
[WhiteElo "2441"]
[BlackElo "1784"]
[PlyCount "132"]
[EventDate "2012.01.29"]
[EventType "swiss"]
[EventRounds "9"]
[EventCountry "BUL"]

1. Nf3 Nf6 2. c4 e6 3. g3 a6 4. Bg2 b5 5. b3 Bb7 6. Nc3 bxc4 7. bxc4 c5 8. Rb1
Qc7 9. Qb3 Bc6 10. O-O d6 11. d4 cxd4 12. Nxd4 Bxg2 13. Kxg2 Nbd7 14. Qa4 Be7
15. Ba3 Rc8 16. Qxa6 Qxc4 17. Qxc4 Rxc4 18. Ncb5 d5 19. Rfc1 Ne5 20. Nc7+ Kd7
21. Bxe7 Rxc1 22. Rxc1 Kxe7 23. Rb1 Kd6 24. Rb7 Ned7 25. a4 e5 26. Ncb5+ Kc5
27. Nf5 Ra8 28. Na7 Rb8 29. Rxb8 Nxb8 30. Nxg7 Kb4 31. Nc8 Ne4 32. Nf5 Nc3 33.
e3 Nxa4 34. Ncd6 f6 35. g4 Nc5 36. h4 Ne6 37. Kf3 Nd7 38. Ke2 Kc5 39. f3 d4 40.
Kd3 Kd5 41. Ne8 Nec5+ 42. Ke2 d3+ 43. Kd2 Nb6 44. Nxf6+ Ke6 45. Ne4 Nc4+ 46.
Kc3 Nxe4+ 47. fxe4 d2 48. Kc2 Kf6 49. Kd1 Kg6 50. Ke2 Kf6 51. Kd1 Kf7 52. Ke2
Kf6 53. Nh6 Kg6 54. Nf5 Kf6 55. Kd1 Kf7 56. Ke2 Kf6 57. g5+ Kg6 58. Ne7+ Kh5
59. Nd5 Kxh4 60. Nf6 Kxg5 61. Nxh7+ Kg6 62. Nf8+ Kf7 63. Nd7 Ke7 64. Nc5 Kd6
65. Na4 Nxe3 66. Kxd2 Ng4 1/2-1/2

[Event "Plovdiv BUL, 34th Tringov Mem"]
[Site "Plovdiv BUL"]
[Date "2012.01.29"]
[Round "1.20"]
[White "Radovanovic, Mihajlo"]
[Black "Bruno, Fabio"]
[Result "0-1"]
[WhiteElo "1782"]
[BlackElo "2439"]
[PlyCount "46"]
[EventDate "2012.01.29"]
[EventType "swiss"]
[EventRounds "9"]
[EventCountry "BUL"]

1. d4 d5 2. Nf3 Nf6 3. c4 e6 4. g3 c6 5. Bg2 Bd6 6. O-O Ne4 7. b3 Qe7 8. Bf4
Bxf4 9. gxf4 h6 10. e3 g5 11. fxg5 hxg5 12. Ne5 Nd7 13. f4 gxf4 14. Bxe4 Nxe5
15. dxe5 dxe4 16. exf4 Bd7 17. Nc3 O-O-O 18. Nxe4 Rdg8+ 19. Ng5 Rxg5+ 20. fxg5
Qxg5+ 21. Kf2 Rxh2+ 22. Kf3 Rh3+ 23. Ke4 Qe3# 0-1

[Event "Plovdiv BUL, 34th Tringov Mem"]
[Site "Plovdiv BUL"]
[Date "2012.01.29"]
[Round "1.21"]
[White "Dimitrov, Radoslav"]
[Black "Chunchukov, Ivelin"]
[Result "1-0"]
[WhiteElo "2437"]
[BlackElo "1777"]
[PlyCount "75"]
[EventDate "2012.01.29"]
[EventType "swiss"]
[EventRounds "9"]
[EventCountry "BUL"]

1. Nc3 d5 2. e4 c6 3. Nf3 Bg4 4. h3 Bxf3 5. Qxf3 Nf6 6. Be2 e6 7. O-O Nbd7 8.
d4 dxe4 9. Nxe4 Nxe4 10. Qxe4 Nf6 11. Qd3 Bd6 12. Bg5 O-O 13. c4 Be7 14. Rad1
Qc7 15. Qe3 Rad8 16. a3 Rfe8 17. Bf3 b5 18. Rc1 Qb6 19. Qb3 a5 20. Be3 a4 21.
Qc2 bxc4 22. d5 c5 23. dxe6 Qxe6 24. Qxc4 Qxc4 25. Rxc4 Rb8 26. Rb1 Rb3 27. Bd1
Rb7 28. Bxa4 Reb8 29. Bxc5 Rc7 30. Rbc1 g6 31. Bxe7 Rxe7 32. Rc8+ Rxc8 33.
Rxc8+ Kg7 34. Kf1 Ra7 35. Bc6 Ra5 36. a4 Rc5 37. b4 Nd5 38. bxc5 1-0

[Event "Plovdiv BUL, 34th Tringov Mem"]
[Site "Plovdiv BUL"]
[Date "2012.01.29"]
[Round "1.22"]
[White "Radeva, Viktoria"]
[Black "Bukal, Vladimir Jr"]
[Result "0-1"]
[WhiteElo "1766"]
[BlackElo "2434"]
[PlyCount "82"]
[EventDate "2012.01.29"]
[EventType "swiss"]
[EventRounds "9"]
[EventCountry "BUL"]

1. e4 g6 2. d4 d6 3. Nc3 a6 4. Nf3 Bg7 5. Be3 Nf6 6. Be2 b5 7. a3 O-O 8. O-O
Nbd7 9. Nd2 e5 10. Nb3 exd4 11. Nxd4 Bb7 12. f3 Re8 13. Bf2 Nh5 14. Qd2 Qf6 15.
Rad1 Nf4 16. Be3 Nxe2+ 17. Ndxe2 Qe7 18. Nf4 c6 19. Qxd6 Qxd6 20. Rxd6 Ne5 21.
Bc1 Nc4 22. Rd3 a5 23. b3 Ne5 24. Rdd1 Ba6 25. Nce2 a4 26. bxa4 bxa4 27. Rfe1
Rad8 28. Ng3 Bf8 29. Nf1 Nc4 30. c3 Bc5+ 31. Kh1 Bf2 32. Rxd8 Rxd8 33. Re2 Rd1
34. Rxf2 Rxc1 35. Ne2 Ra1 36. Kg1 Nxa3 37. Nd4 c5 38. Ne2 Nc2 39. g4 Ne3 40.
Neg3 Bxf1 41. Nxf1 a3 0-1

[Event "Plovdiv BUL, 34th Tringov Mem"]
[Site "Plovdiv BUL"]
[Date "2012.01.29"]
[Round "1.24"]
[White "Stamoulas, Nikos"]
[Black "Enchev, Ivajlo"]
[Result "0-1"]
[WhiteElo "1761"]
[BlackElo "2430"]
[PlyCount "134"]
[EventDate "2012.01.29"]
[EventType "swiss"]
[EventRounds "9"]
[EventCountry "BUL"]

1. e4 c5 2. Nf3 e6 3. d4 cxd4 4. Nxd4 a6 5. Be2 Nf6 6. Nc3 Qc7 7. O-O Bb4 8.
Bf3 d6 9. Bd2 Bc5 10. Nb3 Ba7 11. Bf4 e5 12. Bg5 Nbd7 13. Qd2 h6 14. Be3 Bxe3
15. Qxe3 Nb6 16. Nd2 Be6 17. a4 O-O 18. Rfd1 Rac8 19. a5 Nbd7 20. Nf1 Nb8 21.
Qd2 Rfd8 22. Ne3 Nc6 23. Ne2 Rd7 24. c4 b6 25. axb6 Qxb6 26. Nd5 Bxd5 27. cxd5
Nb8 28. Rdc1 Rdc7 29. Rxc7 Rxc7 30. Rc1 Rb7 31. Rc2 Nbd7 32. h3 Nc5 33. Nc3 Qb4
34. Qe2 a5 35. Na2 Qd4 36. Nc3 Qd3 37. Qxd3 Nxd3 38. Nd1 Nc5 39. Nc3 Rb4 40.
Re2 Kf8 41. Na2 Ra4 42. Nc3 Ra1+ 43. Kh2 Ke7 44. Re3 Rc1 45. Ne2 Rc4 46. Nc3
Rb4 47. Re2 Kd7 48. Na2 Rb3 49. Nc3 Kc7 50. Rd2 Rb4 51. Re2 Kb6 52. g3 a4 53.
Bg2 Rb3 54. Nd1 Rb4 55. f3 Rb3 56. Ne3 g6 57. Nc4+ Kc7 58. f4 Rb4 59. fxe5 Rxc4
60. exf6 Nd3 61. Bf1 Ne5 62. Re3 Rc2+ 63. Re2 Rc1 64. Bg2 Kb6 65. Re3 Kc5 66.
g4 Rc2 67. Kg3 Kb4 0-1

[Event "Plovdiv BUL, 34th Tringov Mem"]
[Site "Plovdiv BUL"]
[Date "2012.01.29"]
[Round "1.25"]
[White "Ristic, Nenad"]
[Black "Stoyanov, Iliyan"]
[Result "1-0"]
[WhiteElo "2427"]
[BlackElo "1760"]
[PlyCount "119"]
[EventDate "2012.01.29"]
[EventType "swiss"]
[EventRounds "9"]
[EventCountry "BUL"]

1. d4 e6 2. Nf3 d5 3. c4 Nf6 4. Nc3 c5 5. cxd5 Nxd5 6. e4 Nxc3 7. bxc3 cxd4 8.
cxd4 Bb4+ 9. Bd2 Bxd2+ 10. Qxd2 O-O 11. Bc4 Nc6 12. O-O b6 13. Rad1 Bb7 14.
Rfe1 Rc8 15. Bb5 Ne7 16. Re3 a6 17. Bd3 Qd7 18. Bb1 Rfd8 19. h4 f6 20. Bc2 a5
21. Rb3 Rc6 22. h5 h6 23. Rdb1 Qc7 24. R3b2 Rc8 25. Bb3 Rc1+ 26. Ne1 Kf7 27. d5
Rxb1 28. Rxb1 exd5 29. exd5 Qd6 30. Rd1 Rd8 31. Nd3 Bc8 32. Nf4 Bd7 33. Qd4 b5
34. a3 a4 35. Ba2 Nf5 36. Qe4 Re8 37. Ne6 Qe5 38. Qxe5 fxe5 39. Nc5 Ke7 40. Re1
Kd6 41. Ne4+ Ke7 42. Rd1 Nd6 43. Nc5 Bg4 44. Re1 Kf6 45. f3 Bxh5 46. Nd7+ Kf7
47. Nxe5+ Kf6 48. f4 Kf5 49. g3 g5 50. Bb1+ Kf6 51. Kf2 Nc4 52. Rh1 Nxa3 53.
Bd3 gxf4 54. gxf4 b4 55. Rxh5 b3 56. Rxh6+ Ke7 57. Re6+ Kd8 58. Ra6 b2 59. d6
b1=Q 60. Ra8+ 1-0

[Event "Plovdiv BUL, 34th Tringov Mem"]
[Site "Plovdiv BUL"]
[Date "2012.01.30"]
[Round "2.1"]
[White "Skoko, Milan"]
[Black "Cheparinov, Ivan"]
[Result "0-1"]
[WhiteElo "2189"]
[BlackElo "2659"]
[PlyCount "80"]
[EventDate "2012.01.29"]
[EventType "swiss"]
[EventRounds "9"]
[EventCountry "BUL"]

1. e4 g6 2. d4 Bg7 3. Nc3 d6 4. f4 Nf6 5. Nf3 O-O 6. Bd3 Na6 7. O-O c5 8. d5
Rb8 9. Qe2 Nc7 10. a4 a6 11. Bc4 b5 12. axb5 axb5 13. Nxb5 Nxb5 14. Bxb5 Nxe4
15. Bc4 Nf6 16. c3 Re8 17. Rd1 Qb6 18. Kh1 Bd7 19. h3 h6 20. Kh2 Qc7 21. g3 e6
22. dxe6 Bxe6 23. Bxe6 Rxe6 24. Qg2 Rbe8 25. Ng1 d5 26. Bd2 Qb6 27. Be1 Qb5 28.
Rab1 d4 29. cxd4 cxd4 30. Bf2 d3 31. Qf3 Ne4 32. Be1 Rd8 33. Bc3 d2 34. Bxg7
Kxg7 35. Qg2 Rd3 36. Nf3 Re3 37. Nd4 Qd3 38. Nxe6+ fxe6 39. Rg1 Re2 40. Rbd1
Qf3 0-1

[Event "Plovdiv BUL, 34th Tringov Mem"]
[Site "Plovdiv BUL"]
[Date "2012.01.30"]
[Round "2.2"]
[White "Georgiev, Kiril"]
[Black "Porjazov, Petar"]
[Result "1-0"]
[WhiteElo "2658"]
[BlackElo "2171"]
[PlyCount "67"]
[EventDate "2012.01.29"]
[EventType "swiss"]
[EventRounds "9"]
[EventCountry "BUL"]

1. d4 Nf6 2. c4 g6 3. Nc3 d5 4. Bg5 Ne4 5. h4 Nxc3 6. bxc3 Bg7 7. e3 c5 8. cxd5
h6 9. Bf4 cxd4 10. cxd4 Qxd5 11. Nf3 Nc6 12. Be2 Qa5+ 13. Qd2 Qxd2+ 14. Kxd2
O-O 15. Rhc1 Bf5 16. Rc5 Rfd8 17. h5 e6 18. hxg6 Bxg6 19. Bd3 Bxd3 20. Kxd3
Nb4+ 21. Ke2 b6 22. Rc4 Bf8 23. Bxh6 Rac8 24. Rxc8 Rxc8 25. Bxf8 Kxf8 26. a3
Nd5 27. Kd2 Rc4 28. Ne5 Ra4 29. Kc2 Ke7 30. Kb3 b5 31. Rc1 f6 32. Nd3 Nb6 33.
Nb2 Ra6 34. Rc5 1-0

[Event "Plovdiv BUL, 34th Tringov Mem"]
[Site "Plovdiv BUL"]
[Date "2012.01.30"]
[Round "2.3"]
[White "Vachev, Vladimir"]
[Black "Spasov, Vasil"]
[Result "0-1"]
[WhiteElo "2186"]
[BlackElo "2570"]
[PlyCount "56"]
[EventDate "2012.01.29"]
[EventType "swiss"]
[EventRounds "9"]
[EventCountry "BUL"]

1. c4 g6 2. g3 Bg7 3. Bg2 Nf6 4. Nf3 O-O 5. Nc3 d6 6. O-O e5 7. d3 h6 8. Rb1 a5
9. a3 Nc6 10. b4 axb4 11. axb4 Be6 12. b5 Ne7 13. Qc2 Qd7 14. Re1 Bh3 15. Bh1
Ng4 16. Bb2 f5 17. Ra1 Rab8 18. Ra7 f4 19. Rea1 Nf5 20. Ne4 Kh8 21. Qb3 g5 22.
R1a4 fxg3 23. hxg3 Nxf2 24. Kxf2 g4 25. Qa3 gxf3 26. Bxf3 Qd8 27. Qb4 c6 28. b6
d5 0-1

[Event "Plovdiv BUL, 34th Tringov Mem"]
[Site "Plovdiv BUL"]
[Date "2012.01.30"]
[Round "2.4"]
[White "Dodic, Dragan"]
[Black "Nikolov, Momchil"]
[Result "0-1"]
[WhiteElo "2159"]
[BlackElo "2560"]
[PlyCount "92"]
[EventDate "2012.01.29"]
[EventType "swiss"]
[EventRounds "9"]
[EventCountry "BUL"]

1. d4 Nf6 2. c4 c5 3. d5 e6 4. Nc3 exd5 5. cxd5 d6 6. e4 g6 7. h3 Bg7 8. Nf3
O-O 9. Bd3 a6 10. a4 Re8 11. O-O Nbd7 12. Re1 Nh5 13. Bg5 Bf6 14. Bh6 Ne5 15.
Be2 Ng7 16. Bf4 Nxf3+ 17. Bxf3 Be5 18. Qd2 b6 19. Rab1 Qc7 20. Bxe5 Rxe5 21.
Be2 g5 22. f4 gxf4 23. Qxf4 Qe7 24. Rf1 f5 25. exf5 Bxf5 26. Rbc1 Bg6 27. Bg4
Nf5 28. Bxf5 Rxf5 29. Qg3 Rg5 30. Qf4 Rf8 31. Rce1 Rxf4 32. Rxe7 Rgf5 33. Rxf4
Rxf4 34. Re6 Rb4 35. Rxd6 Rxb2 36. Rd8+ Kf7 37. d6 Ke6 38. d7 Ke7 39. Ra8 Kxd7
40. Rxa6 Bd3 41. Ra8 Kc6 42. a5 Rc2 43. Na4 b5 44. Rc8+ Kb7 45. Rd8 Be4 46. Rd6
bxa4 0-1

[Event "Plovdiv BUL, 34th Tringov Mem"]
[Site "Plovdiv BUL"]
[Date "2012.01.30"]
[Round "2.5"]
[White "Petrov, Marijan"]
[Black "Pelitov, Dimitar"]
[Result "1-0"]
[WhiteElo "2521"]
[BlackElo "2121"]
[PlyCount "67"]
[EventDate "2012.01.29"]
[EventType "swiss"]
[EventRounds "9"]
[EventCountry "BUL"]

1. e4 e5 2. Nf3 Nc6 3. Bb5 a6 4. Ba4 Nf6 5. O-O Be7 6. Re1 b5 7. Bb3 O-O 8. d3
d6 9. c3 Na5 10. Bc2 c5 11. Nbd2 Re8 12. Nf1 Bf8 13. h3 h6 14. Ng3 g6 15. d4
Qc7 16. a4 b4 17. cxb4 cxb4 18. Bd2 Qb6 19. d5 Nd7 20. Nh2 b3 21. Bd3 Nc5 22.
Bf1 Bg7 23. Ng4 Kh7 24. Qf3 Rf8 25. Nf6+ Kh8 26. Ngh5 gxh5 27. Qxh5 Qd8 28.
Bxh6 Bxf6 29. Re3 Bg4 30. hxg4 Kg8 31. g5 Bh8 32. Rh3 Re8 33. g6 Ra7 34. Bg5
1-0

[Event "Plovdiv BUL, 34th Tringov Mem"]
[Site "Plovdiv BUL"]
[Date "2012.01.30"]
[Round "2.6"]
[White "Georgiev, Steljan"]
[Black "Petkov, Vladimir"]
[Result "0-1"]
[WhiteElo "2124"]
[BlackElo "2519"]
[PlyCount "66"]
[EventDate "2012.01.29"]
[EventType "swiss"]
[EventRounds "9"]
[EventCountry "BUL"]

1. Nf3 d5 2. d3 Nc6 3. Bf4 f6 4. h3 e5 5. Bg3 Be6 6. Nbd2 Bd6 7. e4 Nge7 8. c3
O-O 9. Be2 a5 10. a4 Qd7 11. O-O Rad8 12. Re1 Rfe8 13. Qc2 Ng6 14. Bf1 Bf8 15.
Rad1 Qf7 16. Re2 d4 17. Ree1 Bc5 18. Nc4 Rd7 19. Nfd2 b6 20. Be2 Red8 21. Kh2
Nf4 22. Bxf4 exf4 23. Rf1 h5 24. Rde1 Qg6 25. Qd1 dxc3 26. bxc3 Rxd3 27. Bxd3
Rxd3 28. Qc2 Rd7 29. Nb2 Ne5 30. Nf3 Nxf3+ 31. gxf3 Qg5 32. Rh1 Bxf2 33. Reg1
Qh4 0-1